[Event "AUTO-ADV-1164"]
[Site "http://www.queenalice.com/game.php?id=515648"]
[Date "2009.1.1"]
[Round "1"]
[White "Grota"]
[Black "agjjr"]
[Result "0-1"]
[WhiteElo "1653"]
[BlackElo "1745"]

1. e4 c5 2. c4 Nc6 3. Nf3 d6 4. Nc3 Bg4 5. Be2 Nf6 6. a3 e6 7. d4 Bxf3 8. Bxf3
Nxd4 9. e5 Nxf3+ 10. Qxf3 Rb8 11. Bg5 dxe5 12. O-O Be7 13. Rad1 Nd7 14. Bxe7
Qxe7 15. Rfe1 O-O 16. Ne4 Rbd8 17. Nd6 Nb6 18. Nxb7 Rxd1 19. Rxd1 Nxc4 20. b4
Nxa3 21. Nxc5 Nb5 22. Rd7 Qg5 23. Qb7 Qc1+ 0-1

[Event "AUTO-ADV-1164"]
[Site "http://www.queenalice.com/game.php?id=515655"]
[Date "2009.1.1"]
[Round "1"]
[White "Grota"]
[Black "raven225"]
[Result "0-1"]
[WhiteElo "1588"]
[BlackElo "1633"]

1. e4 e5 2. Nf3 Nc6 3. Nc3 Nf6 4. Be2 Bc5 5. h3 O-O 6. d3 d5 7. Nxd5 Nxd5 8. c4
Nf6 9. Bg5 Qd6 10. O-O Nd4 11. Nxd4 Bxd4 12. Qd2 Nd7 13. Bg4 Re8 14. Kh1 f6 15.
Be3 Nf8 16. Bxc8 Raxc8 17. Bxd4 Qxd4 18. Qc3 Qxc3 19. bxc3 Ne6 20. f4 Nxf4 21.
d4 Ne2 0-1

[Event "AUTO-ADV-1164"]
[Site "http://www.queenalice.com/game.php?id=515656"]
[Date "2009.1.1"]
[Round "1"]
[White "raven225"]
[Black "Grota"]
[Result "1-0"]
[WhiteElo "1657"]
[BlackElo "1727"]

1. e4 e5 2. Nf3 Nc6 3. d4 exd4 4. Nxd4 Nxd4 5. Qxd4 d6 6. Bc4 Nf6 7. Bg5 Be7 8.
Nc3 c5 9. Qd2 O-O 10. O-O a6 11. Rfe1 b5 12. Bf1 Qa5 13. Qe3 Bb7 14. e5 h6 15.
exf6 gxf6 16. Bxh6 Rfe8 17. Qg3+ 1-0

[Event "AUTO-ADV-1178"]
[Site "http://www.queenalice.com/game.php?id=521418"]
[Date "2009.1.12"]
[Round "1"]
[White "westchessdf"]
[Black "Grota"]
[Result "1-0"]
[WhiteElo "1768"]
[BlackElo "1537"]

1. d4 d5 2. Nf3 Nf6 3. Bf4 Nc6 4. e3 Bg4 5. Be2 e6 6. Ne5 Bxe2 7. Qxe2 Nxe5 8.
Bxe5 Bd6 9. Bxd6 Qxd6 10. Nc3 O-O 11. O-O-O c5 12. h4 c4 13. g4 Ne4 14. Nxe4 Qb4
15. Qd2 1-0

[Event "AUTO-ADV-1178"]
[Site "http://www.queenalice.com/game.php?id=521419"]
[Date "2009.1.12"]
[Round "1"]
[White "Grota"]
[Black "westchessdf"]
[Result "0-1"]
[WhiteElo "1545"]
[BlackElo "1753"]

1. e4 e5 2. Nf3 Nc6 3. Nc3 g6 4. d4 exd4 5. Nxd4 Bg7 6. Nxc6 dxc6 7. Qxd8+ Kxd8
8. Bg5+ f6 9. Bf4 Be6 10. O-O-O+ Bd7 11. Bc4 Rc8 12. Be6 Ke7 13. Rxd7+ Kxe6 14.
Rxg7 Ne7 15. Re1 Kd7 0-1

[Event "AUTO-ADV-1178"]
[Site "http://www.queenalice.com/game.php?id=521432"]
[Date "2009.1.12"]
[Round "1"]
[White "Grota"]
[Black "Papachibe"]
[Result "0-1"]
[WhiteElo "1708"]
[BlackElo "2007"]

1. e4 e6 2. d4 d5 3. e5 c5 4. Nf3 cxd4 5. Qxd4 Nc6 6. Qd1 Bd7 7. Be3 Nge7 8. Bb5
Nf5 9. Bg5 Qa5+ 10. Nc3 Bb4 11. Bd2 Bxc3 12. Bxc3 Qxb5 13. g4 Nh6 14. Qd2 Nxg4
15. a4 Qb6 16. O-O-O Nxf2 17. a5 Qc5 18. b4 Qc4 19. Qxf2 Qxc3 20. Rd3 Qa1+ 0-1

[Event "AUTO-ADV-1178"]
[Site "http://www.queenalice.com/game.php?id=521433"]
[Date "2009.1.12"]
[Round "1"]
[White "Papachibe"]
[Black "Grota"]
[Result "1-0"]
[WhiteElo "1987"]
[BlackElo "1610"]

1. e4 e5 2. f4 Nc6 3. Nf3 Nf6 4. Nc3 d5 5. fxe5 Nxe4 6. d4 Nxc3 7. bxc3 Bg4 8.
Be2 f6 9. exf6 Qxf6 10. O-O Qg6 11. Nh4 Bxe2 12. Nxg6 Bxd1 13. Nxh8 Bxc2 14. Nf7
Bd3 15. Rf2 Bg6 16. Ne5 Nxe5 17. dxe5 Bc5 18. Bg5 Bxf2+ 19. Kxf2 Kd7 20. Rd1 Ke6
21. Kg3 Kxe5 22. Bf4+ Kf5 23. Bxc7 Rc8 24. Rf1+ 1-0

[Event "AUTO-ADV-1178"]
[Site "http://www.queenalice.com/game.php?id=521434"]
[Date "2009.1.12"]
[Round "1"]
[White "Grota"]
[Black "Paulsains"]
[Result "0-1"]
[WhiteElo "1646"]
[BlackElo "1881"]

1. e4 e5 2. Nf3 d6 3. d4 exd4 4. Nxd4 Nf6 5. Nc3 Be7 6. Bg5 O-O 7. Bc4 Nxe4 8.
Nxe4 Bxg5 9. h4 Bf6 10. c3 Re8 11. Bd3 b6 12. O-O Bxh4 13. Qc2 Bf5 14. Rae1 Bg6
15. g3 Be7 16. Kg2 Nd7 17. Nb3 Ne5 18. f4 Nxd3 19. Qxd3 d5 20. f5 Bxf5 21. Rxf5
dxe4 22. Qxd8 Raxd8 23. Rxe4 g6 24. Rff4 f5 25. Rd4 Rxd4 0-1

[Event "AUTO-INT-1168"]
[Site "http://www.queenalice.com/game.php?id=521671"]
[Date "2009.1.13"]
[Round "1"]
[White "Grota"]
[Black "jotat"]
[Result "0-1"]
[WhiteElo "1672"]
[BlackElo "1924"]

1. e4 e5 2. Nf3 Nc6 3. Nc3 Nf6 4. Be2 Bc5 5. h3 d6 6. d3 h6 7. Be3 Bxe3 8. fxe3
Be6 9. d4 exd4 10. Nxd4 Ne5 11. Nxe6 fxe6 12. Bb5+ c6 13. Be2 O-O 14. Qd2 a6 15.
O-O-O b5 16. a3 d5 17. Rhf1 dxe4 18. Qxd8 Rfxd8 19. Bg4 Nexg4 20. hxg4 Nxg4 21.
Rxd8+ Rxd8 22. Nxe4 Nxe3 23. Re1 Nxg2 24. Rd1 Rxd1+ 25. Kxd1 g5 0-1

[Event "AUTO-INT-1168"]
[Site "http://www.queenalice.com/game.php?id=521672"]
[Date "2009.1.13"]
[Round "1"]
[White "jotat"]
[Black "Grota"]
[Result "1-0"]
[WhiteElo "1918"]
[BlackElo "1678"]

1. e4 e5 2. Nf3 Nc6 3. Nc3 d6 4. Bb5 Bd7 5. d3 Nf6 6. a3 Be7 7. Be3 Bg4 8. Bxc6+
bxc6 9. h3 Bxf3 10. Qxf3 Rb8 11. b4 c5 12. O-O O-O 13. b5 Qd7 14. a4 c6 15. Bg5
Qe6 16. bxc6 Rb2 17. Rfc1 Rfb8 18. Nb5 a6 19. Nc7 Qc8 20. Nd5 Nxd5 21. exd5 Bxg5
22. Re1 Rxc2 23. a5 Rbb2 24. Qg4 Qxg4 25. hxg4 1-0

[Event "AUTO-INT-1168"]
[Site "http://www.queenalice.com/game.php?id=521673"]
[Date "2009.1.13"]
[Round "1"]
[White "Grota"]
[Black "volga1"]
[Result "0-1"]
[WhiteElo "1655"]
[BlackElo "1822"]

1. e4 g6 2. d4 Bg7 3. Nf3 d6 4. Nc3 Bg4 5. Be2 Nf6 6. d5 Nbd7 7. Bg5 h6 8. Bxf6
Bxf6 9. O-O Nc5 10. Bb5+ Kf8 11. Be2 Bxc3 12. bxc3 e6 13. Qd4 e5 14. Qb4 a5 15.
Qb5 Qd7 16. Qxd7 Bxd7 17. Rab1 b6 18. c4 Nxe4 19. Bd3 Nc3 20. Rb3 Na4 0-1

[Event "AUTO-INT-1168"]
[Site "http://www.queenalice.com/game.php?id=521674"]
[Date "2009.1.13"]
[Round "1"]
[White "volga1"]
[Black "Grota"]
[Result "1-0"]
[WhiteElo "1798"]
[BlackElo "1666"]

1. e4 e5 2. Nf3 Nc6 3. Bc4 h6 4. d4 exd4 5. Nxd4 Nxd4 6. Qxd4 Ne7 7. Nc3 Nc6 8.
Qd5 Qe7 9. Nb5 d6 10. Nd4 Nxd4 11. Qxd4 c5 12. Bb5+ Bd7 13. Bxd7+ Qxd7 14. Qd5
Rb8 15. Bf4 Be7 16. O-O-O Qe6 17. Qxe6 fxe6 18. Bxd6 Bxd6 19. Rxd6 Ke7 20. Rhd1
1-0